00903cam a2200229Mc 450000500170000000800410001702000150005804000500007304100080012310000210013124500650015225000110021726000650022830000680029365000190036165000270038065000310040770000240043871000510046271001310051376500290064420140721114101.0140721s2006 ck ad fr 000 0 spa d z9587101850 aCO-BoUCMbspacJose A. GerenadJose A. Gerena1 aspa1 aGlenn, Jerome C.10aEstado del futuro 2006cJerome C. Glenn y Theodore J. Gordon a10a ed3 aBogotá (Colombia)bUniversidad Externado de Colombiac2006 axv, 130 páginasbilustraciones, cuadros, gráficase1 CD-ROM 7aCambio social  7aPredicciones sociales  7aPredicciones económicas 1 aGordon, Theodore J.2 aAmerican Council for United Nations University1 aUniversidad Externado de ColombiabFacultad de Administración de EmpresasbCentro de pensamiento estratégico y prospectiva tState of the future 2006